Subdivision capitals closest to Vidin (BG) - Statistics

General Stats
  • This quiz has been taken 12 times
  • The average score is 11 of 20
Answer Stats
Distance (km) Answer % Correct
15 148 Sofija
100%
3 70 Montana
83%
8 108 Niš
67%
18 154 Pernik
67%
7 102 Vraca
67%
2 63 Bor
50%
5 82 Craiova
50%
4 73 Drobeta-Turnu Severin
50%
11 129 Jagodina
50%
19 157 Kragujevac
50%
12 132 Kruševac
50%
13 133 Leskovac
50%
6 95 Pirot
50%
17 154 Pleven
50%
16 152 Požarevac
50%
14 133 Prokuplje
50%
10 128 Slatina
50%
9 121 Târgu Jiu
50%
1 49 Zaječar
50%
20 168 Reșița
33%
No matching quizzes found
Score Distribution
Percent of People with Each Score
Percentile by Number Answered
Your Score History
You have not taken this quiz